CALCULUS OF A SINGLE VARIABLE (Record no. 216212)

MARC details
000 -LEADER
fixed length control field 00454nam a22001697a 4500
008 - FIXED-LENGTH DATA ELEMENTS--GENERAL INFORMATION
fixed length control field 251119b |||||||| |||| 00| 0 eng d
020 ## - INTERNATIONAL STANDARD BOOK NUMBER
International Standard Book Number 13:978-0-538-73553-7
050 ## - LIBRARY OF CONGRESS CALL NUMBER
Classification number QA 303.2 L37 2011
100 ## - MAIN ENTRY--PERSONAL NAME
Personal name LARSON RON
245 ## - TITLE STATEMENT
Title CALCULUS OF A SINGLE VARIABLE
Remainder of title EARLY TRANSCENDENTAL FUNCTIONS
250 ## - EDITION STATEMENT
Edition statement 5TH
260 ## - PUBLICATION, DISTRIBUTION, ETC.
Place of publication, distribution, etc. AUSTRALIA
Name of publisher, distributor, etc. CENGAGE
Date of publication, distribution, etc. 2011
300 ## - PHYSICAL DESCRIPTION
Extent A,156
700 ## - ADDED ENTRY--PERSONAL NAME
Personal name EDWARDS BRUCE H
942 ## - ADDED ENTRY ELEMENTS (KOHA)
Source of classification or shelving scheme Library of Congress Classification
Koha item type Long Loan Book
Holdings
Withdrawn status Lost status Source of classification or shelving scheme Damaged status Not for loan Collection Home library Current library Shelving location Date acquired Inventory number Total checkouts Full call number Barcode Date last seen Copy number Price effective from Koha item type
    Library of Congress Classification     Science & Technology Kisii University Library Kisii University Library On Display 11/19/2025 109829   QA 303.2 L37 2011 000000022616 11/19/2025 3 11/19/2025 Long Loan Book